000 00549nam a2200193Ia 4500
999 _c3432
_d3432
003 OSt
005 20200819094432.0
008 190216s9999||||xx |||||||||||||| ||und||
020 _a9788183987899
040 _coclc
082 _a542.85
_bPUN/C
100 _aPundir, Sudhir K
_94201
245 0 _aComputers For Chemists /
_cSudhir K Pundir ; Anshu Bansal
250 _a6th Ed.
260 _bPragathi Prakashan,
_aMeerut:
_c2009.
300 _a443p
650 _aChemistry
942 _cBK
_2ddc
_h542.85
_iPUN/C
_k542.85
_mPUN/C